| 000 | 00770nac a22002417a 4500 | ||
|---|---|---|---|
| 001 | BR8602468 | ||
| 003 | BR-BrBNA | ||
| 005 | 20240105120420.0 | ||
| 008 | 230509b bl.|||m| |||| 00| 0 por d | ||
| 040 |
_aBR-BrBNA _bpor _cBiblioteca Nacional de Agricultura |
||
| 072 | _aL01 | ||
| 090 | _a5300 BR8602468 | ||
| 110 | 1 |
_aServico Nacional de Formacao Profissional Rural, Brasilia, DF (Brasil) _99371 |
|
| 245 | 1 | _aCastracao de suinos | |
| 260 | 3 |
_aBrasilia, DF (Brasil): _c1985. |
|
| 300 | _a34 p. | ||
| 490 |
_aSerie Aprender a Fazer - Servico Nacional de Formacao Profissional Rural (Brazil) _vno. 7 _x |
||
| 650 | _aTECNOLOGIA APROPRIADA | ||
| 650 | _aSUINO | ||
| 650 | _aCASTRACAO | ||
| 909 |
_a202312 _bLúcia Elande _c55 _dLúcia Elande |
||
| 942 |
_2AGRIS _n0 _cMS |
||
| 999 |
_c279325 _d279325 |
||